000 00281nam a22001337a 4500
008 170614b xxu||||| |||| 00| 0 eng d
020 _a9780673982698
041 _aeng
080 _a32
100 _a19
101 _aSHP
245 _aEAGLE ADRIFT
_cLIEBER,R.J
942 _2udc
_cBK
999 _c17332
_d17332